000 00436nab a2200145Ia 4500
003 ES-SlBCS
005 20210601133052.0
008 140529s1936 xxu||||| |||| 00| 0 ita d
041 _aita
100 1 _aOttaviano, Carmelo
_922019
245 0 0 _aL'unica forma possibilie di idealismo
_c Carmelo Ottaviano
650 0 4 _aIdealismo
_988991
773 0 _tRivista di Filosofia Neoscolastica
_gvol. 28, 1936, págs. 47-64
_wRev392
942 _cAR
999 _c590227
_d590227